| 000 | 00504nam a2200181Ia 4500 | ||
|---|---|---|---|
| 003 | GCL | ||
| 008 | 140319s9999 xx 000 0 ara d | ||
| 040 |
_aGCL / _cGCL |
||
| 082 | 0 | 4 |
_aط _b507 _bا م |
| 100 | 1 | _aاحمد محمد حسين | |
| 245 | 1 | 0 |
_aمارد من الهواء (الرياح) / _cاحمد محمد حسين |
| 490 |
_aاطفالنا _v0 |
||
| 650 | 0 | 4 | _aالرياح |
| 650 | 0 | 4 | _aالطقس |
| 650 | 0 | 4 | _aالعواصف |
| 650 | 0 | 4 | _aالظواهر الجوية |
| 942 |
_2ddc _cBK |
||
| 999 |
_c38945 _d38945 |
||